| 000 | 00669nam a2200241Ia 4500 | ||
|---|---|---|---|
| 005 | 20250508163618.0 | ||
| 008 | 008 250505s9999 xx 000 0 eng d | ||
| 020 | _a0-471-85964-8 | ||
| 037 | _aTextBook | ||
| 040 |
_aFEDL _beng _cFEDL |
||
| 041 |
_aeng _2eng |
||
| 084 |
_a618.9289, QUA _qFEDL |
||
| 100 |
_aQuay Herbert C Ed. _9615019 |
||
| 245 | 0 | _aPsychopathological disorders of childhood | |
| 250 | _a3 | ||
| 260 |
_aNew York, USA _bJohn Wiley and Sons _c1986 |
||
| 300 | _aix,690p | ||
| 365 |
_aUSD _b17.9 |
||
| 650 | _aPlay Therapy | ||
| 700 |
_a Werry John S Ed. _9775759 |
||
| 942 |
_cTB _h618.9289, QUA |
||
| 999 |
_c1384349 _d1384349 |
||